Pretty Little Liars : By Last Name - Statistics

General Stats
  • This quiz has been taken 816 times
    807 since last reset
  • The average score is 45 of 81
Answer Stats
Last Names First Names % Correct
Hastings Spencer
100%
Dilaurentis Alison
99%
Montgomery Aria
99%
Fields Emily
99%
Marin Hanna
99%
Fitz Ezra
97%
Vanderwaal Mona
96%
Cavanaugh Toby
96%
Melissa
95%
Rivers Caleb
94%
Marshall Jenna
93%
Ashley
92%
Jason
92%
Mike
92%
CeCe
89%
Ella
89%
Khan Noel
89%
Pam
88%
Veronica
88%
Byron
87%
McCullers Paige
87%
St.Germain Maya
86%
Tom
83%
Thomas Ian
81%
Gottesmen Lucas
80%
Peter
80%
Kingston Wren
80%
Jessica
79%
Drake Mary
78%
Wilden Darren
77%
Wayne
75%
Santiago Alex
71%
Reynolds Garrett
71%
Charlotte/Charles
67%
Harvey Sara
64%
Young Bethany
59%
Ackard Sean
58%
Kenneth
57%
Molina Jackie
54%
Randall Kate
54%
Fring Shana
54%
Fitzgerald Wesley
54%
Sullivan Anne
51%
Marion
49%
Dunhill Archer
47%
Campbell Andrew
46%
Tanner Linda
41%
James Lyndon
41%
Rollins Elliot
39%
Isabel
39%
Cook Samara
39%
Sorenson Meredith
38%
Holbrook Gabriel
36%
Drisoll Sydney
34%
Strauss Holden
33%
Furey Marco
32%
Coogan Ben
31%
Eric
31%
Cutler Maggie
28%
Hobbs Travis
27%
Phillips Yvonne
27%
Grunwald Carla
26%
Petrillo Cyrus
26%
Greene Liam
25%
Wilson Ted
24%
Maple Barry
23%
Sandoval Talia
23%
Dianne
22%
Calderon Lorenzo
22%
Malcom
22%
Nick
22%
Hobart Jordan
21%
Doyle Jamie
19%
Reed Logan
18%
Taylor
16%
Daniel
13%
Wilkins Clark
12%
Raymond Johnny
12%
Wright Nigel
12%
Tuchman Laurel
8%
Ward Carol
7%
No matching quizzes found
Score Distribution
Percent of People with Each Score
Percentile by Number Answered
Your Score History
You have not taken this quiz since the last reset